000 00578nam a2200193 a 4500
001 8141
003 CO-ViMGA
008 141112s2004 ck r 000 u spa d
020 _a9586700356
040 _aCO-ViMGA
_bspa
_cCO-ViMGA
082 0 4 _aCo861.44 O87d
100 1 _aOspina, William
_96608
245 1 0 _aLos Dones y los Meritos /
_cOspina William
260 _aCali,
_cUnivalle,
_c1995
300 _a128 p.
590 _aForma de adquisición : donacion - - Proveedor : Luis Ángel Arango
650 1 4 _aGreiff, Leon de - critica e interpretacion
_97874
942 _2ddc
_cBK
999 _c19955
_d19955